Pokemon Type Fée - Aléatoire - Statistiques

Statistiques générales
  • Ce quiz a été pris 17 fois
  • Le résultat moyen est 17 sur 20
Statistiques - réponses
Par images Réponse % Correct
Amovénus
100%
Angoliath
100%
Arceus (Plaque Pixie)
100%
Azurill
100%
Briochien
100%
Dedenne
100%
Diancie
100%
Doudouvet
100%
Farfaduvet
100%
Feunard d'Alola
100%
Flabébé
100%
Floette
100%
Florges
100%
Flotte-Mèche
100%
Fourbelin
100%
Garde-de-Fer
100%
Gardevoir
100%
Grimalin
100%
Grodoudou
100%
Hurle-Queue
100%
Lampignon
100%
Magearna
100%
Marill
100%
Méga-Altaria
100%
Méga-Diancie
100%
Méga-Gardevoir
100%
Mélo
100%
Mélodelfe
100%
Mélofée
100%
Mime Jr
100%
Mimiqui
100%
Mysdibule
100%
Nymphali
100%
Pâtachiot
100%
Rondoudou
100%
Rubombelle
100%
Spododo
100%
Sucroquin
100%
Togekiss
100%
Togepi
100%
Togetic
100%
Tokopisco
100%
Tokotoro
100%
Toudoudou
100%
Trousselin
100%
Xerneas
100%
Zacian (Héros Aguerri)
100%
Tokopiyon
86%
Forgelina
80%
Méga-Mysdibule
80%
Strassie
80%
Azumarill
75%
Crèmy
75%
Sorcilence
75%
Charmilly
67%
Forgerette
67%
Galopa de Galar
67%
Granbull
67%
Méga-Nanméouïe
67%
Oratoria
67%
Silvallié (ROM Fée)
67%
Smogogo de Galar
67%
Bombydou
50%
Favianos
50%
M. Mime
50%
Snubbull
50%
Tarsal
50%
Tokorico
40%
Cupcanaille
33%
Forgella
33%
Cocotine
25%
Fluvetin
0%
Guérilande
0%
Kirlia
0%
Zacian (Epée Suprême)
0%
Aucun quiz correspondant
Distribution des résultats
% des personnes avec chaque résultat
Percentile par nombre de réponses
Votre historique - résultats
Vous n’avez pas pris ce quiz